| 000 | 01319nam a22003377a 4500 | ||
|---|---|---|---|
| 005 | 20240530110502.0 | ||
| 008 | 150504s2011 ua f b 000 0 ara d | ||
| 017 |
_a2010/24085 _bمصر . دار الكتب المصرية |
||
| 020 | _a9789773191327 | ||
| 040 | _aEG-CaGPL | ||
| 082 | 0 | 4 |
_221 _a302.23\ _bف و |
| 100 | 0 | _aفتحى حسين عامر | |
| 245 | 1 | 0 |
_aوسائل الاتصال الحديثة من الجريدة الى الفيس بوك / _cفتحى حسين عامر |
| 250 | _aط1 | ||
| 260 |
_aالقاهرة : _bالعربى للنشر و التوزيع ، _c2011 . |
||
| 300 |
_a221 ص ؛ _c24 سم . |
||
| 490 | _aدراسات فى الاعلام | ||
| 504 | _aيشتمل على ارجاعات ببليوجرافية | ||
| 610 | 0 | 4 | _aوكلات الانباء العالمية |
| 610 | 0 | 4 | _aوكلات الانباء العربية |
| 650 | 0 | 4 | _aالاتصالات الالكترونية |
| 650 | 0 | 4 | _aالصحافة المصرية |
| 650 | 0 | 4 | _aوسائل الاعلام |
| 650 | 0 | 4 | _aوسائل الاعلام |
| 650 | 0 | 4 |
_aالراديو _zمصر |
| 650 | 0 | 4 |
_aالتليفزيون _zمصر |
| 650 | 0 | 4 |
_aالمسرح _zالعالم العربى |
| 650 | 0 | 4 |
_aوسائل الاعلام _xالانترنت |
| 942 |
_2ddc _cBK |
||
| 999 |
_c61497 _d61497 |
||